00941nam a2200265 a 4500001001000000003000600010005001700016008004100033015001600074020001500090035004300105040002300148050002000171100003800191245004300229250013200272260004200404300003300446500004100479504005000520650002300570700002200593700002400615700003600639010783521UkOxU20210630064341.0921109s1987 enk 001 0 eng d aGB 87-44609 a0632016493 aCURL Interim file ISBN04 record 116777 cALUPE UNIVERSITYRM aRM171b.M6 19871 aMollison, P. L.q(Patrick Loudon)10aBlood transfusion in clinical medicine a8th ed. / P.L. Mollison, C.P. Engelfriet, Marcela Contreras ; the chapter on transfusion in oligaemia revised by Jennifer Jones aOxford :bBlackwell Scientific,c1987 axx, 1033 p. :bill. ;c24 cm aPrevious ed.: by P.L. Mollison, 1983 aIncludes bibliographical references and index 0aBloodxTransfusion1 aEngelfriet, C. P.1 aContreras, Marcela.1 aJones, Jenniferq(Jennifer Ann)